| 000 | 00382nam a2200145Ia 4500 | ||
|---|---|---|---|
| 005 | 20260622172838.0 | ||
| 008 | 170106s2011||||xx |||||||||||||| ||und|| | ||
| 020 |
_a9781439827376 _qhb |
||
| 082 |
_a794.81526 _bHAN |
||
| 100 | _aHan, JungHyun | ||
| 245 | 0 | _a3D graphics for game programming | |
| 260 |
_aBoca Raton _bCRC Press _c2011 |
||
| 300 | _a318p. ; 24.5 cm. | ||
| 942 |
_cBK _2ddc |
||
| 999 |
_c19013 _d19013 |
||